British Elizabethan stamps: the story of the postage stamp of the U.K. Guernsey, Jersey and the Ilse of man from 1952 to 1970 (Record no. 92096)

MARC details
000 -LEADER
fixed length control field 00484nam a2200145Ia 4500
005 - DATE AND TIME OF LATEST TRANSACTION
control field 20240821155007.0
008 - FIXED-LENGTH DATA ELEMENTS--GENERAL INFORMATION
fixed length control field 240821s9999||||xx |||||||||||||| ||und||
082 ## - DEWEY DECIMAL CLASSIFICATION NUMBER
Classification number 769.56942 POT
100 ## - MAIN ENTRY--PERSONAL NAME
Personal name Potter, David
245 #0 - TITLE STATEMENT
Title British Elizabethan stamps: the story of the postage stamp of the U.K. Guernsey, Jersey and the Ilse of man from 1952 to 1970
260 ## - PUBLICATION, DISTRIBUTION, ETC.
Place of publication, distribution, etc. London
Name of publisher, distributor, etc. B.T. Batsford
Date of publication, distribution, etc. 1971
300 ## - PHYSICAL DESCRIPTION
Extent 190p.
650 ## - SUBJECT ADDED ENTRY--TOPICAL TERM
Topical term or geographic name entry element ARTS, CRAFTS, MUSIC, SPORTS AND RECREATIONS
942 ## - ADDED ENTRY ELEMENTS (KOHA)
Koha item type Book
Holdings
Withdrawn status Lost status Damaged status Not for loan Home library Current library Date acquired Total checkouts Barcode Date last seen Price effective from Koha item type
        Library and Documentation Division NCERT Library and Documentation Division NCERT 08/21/2024   76849 08/21/2024 08/21/2024 Book